00696nam a2200205 i 4500001000400000100002100004245006500025260005600090300004600146490002800192505002000220650002700240700002500267830002800292020001500320040000800335041000800343008004100351856009800392bgj1 aFRANCK, Irene M.10aCommunicators /cby Irene M. Franck and David M. Brownstone. aNew York :bFacts on File Publications,ccop. 1986. aXII, 228 pp :bphotos, drawings ;c24 cm.1 aWork Throughout History aIncludes index. 9aCommunicationxHistory1 aBROWNSTONE, David M. aWork Throughout History a0816014434 cBPK0 aeng s uk f |000 0 eng  uhttp://koha.tu.koszalin.pl/cgi-bin/koha/opac-detail.pl?biblionumber=47595yKatalog online BPK